003180000a2200097000450024500880000065000180008865000100010604100140011610000350013077300550016510aPolen y esporas: ()14aPalinología14aPolen0 aEspañol1 aSáenz de Rivas, Concepción1 tInstituto Botánico Cavanilles3549q19-42d1990?